000 00664cam a2200229 4500500
005 20260405003851.0
041 _afre
042 _adc
100 1 0 _aAckah-Miezan, Virgile
_eauthor
245 0 0 _aLa constellation Daniel Dennett
260 _c2024.
500 _a72
690 _aAthéisme
690 _aConscience
690 _aDaniel Dennett
690 _aDualisme
690 _aEmpirisme
690 _aNeurosciences
690 _aPhénoménologie
786 0 _nPhilosophie magazine | 182 | 9 | 2024-09-01 | p. 59-59 | 1951-1787
856 4 1 _uhttps://shs.cairn.info/magazine-philosophie-magazine-2024-9-page-59?lang=fr&redirect-ssocas=7080
999 _c2071622
_d2071622